Statistiche per Risultati dell'Italia ai Mondiali - Germania 2006

Clicka qui per fare il quiz!

Statistiche generali

  • Questo quiz è stato fatto 6 volte
  • Il punteggio medio è 5 su 7

Statistiche sulle risposte

HintRisposta% Corretto
Italia - Ghana2-0
100%
Germania - Italia0-2
83%
Italia - Australia1-0
83%
Italia - Francia6-4 (d.c.r.) (1-1)
83%
Italia - Ucraina3-0
67%
Repubblica Ceca - Italia0-2
50%
Italia - Stati Uniti1-1
50%

Distribuzione punteggi

Percentile per numero di risposta

Percentuale di utenti per punteggio

I tuoi punteggi nel tempo

Non hai fatto questo quiz